000 00749 a2200217 4500
001 27879
005 20260407155551.0
008 260407a1973 arg spa d
003 AR-UNSa-BCEJYS
040 _aAR-UNSa-BCEJYS
_bspa
_cAR-UNSa-BCEJYS
080 _a657
_xContabilidad
245 1 0 _aEnsayos sobre teoria contable II
_pAspectos formales, aspctos intrisnicos
264 1 _aBuenos Aires :
_bEdiciones Macchi
_c1973
300 _a116 p.
_c23 cm.
505 _a1. Aspectos formales(problemas de registración y exposición contable) - 2. Aspectos intrínsicos (de valuación)
942 _cBK
590 _aniveau_biblio:m niveau_hierar:0
100 1 _aBiondi, Mario
700 1 _aChapman, William Leslie
700 1 _aLópez Santiso, Horacio
999 _c1627
_d1627